[Event "Grenke Open"]
[Site "?"]
[Date "2017.04.14"]
[Round "3.20"]
[White "Kulaots, Kaido"]
[Black "Lodici, Lorenzo"]
[Result "1/2-1/2"]
[WhiteElo "2588"]
[BlackElo "2402"]
[PlyCount "83"]
[EventDate "2017.??.??"]
[WhiteClock "0:25:21"]
[BlackClock "0:39:26"]

1. e4 e5 2. Nf3 Nc6 3. Bb5 a6 4. Ba4 Nf6 5. O-O b5 6. Bb3 Bb7 7. d3 Be7 8. Re1
O-O 9. Nbd2 d6 10. c3 Na5 11. Bc2 c5 12. Nf1 Re8 13. Ng3 Bf8 14. d4 cxd4 15.
cxd4 exd4 16. Nxd4 d5 17. Bg5 h6 18. Bxf6 Qxf6 19. Nh5 Qd6 20. Nf5 Qe5 21. f4
Qxb2 22. e5 Rec8 23. Bd3 g6 24. Qg4 Kh8 25. Qh4 Rc6 26. Nd6 Rxd6 27. exd6 Bxd6
28. Nf6 Kg7 29. Ng4 Qd4+ 30. Kh1 h5 31. Bxg6 fxg6 32. Rad1 Qxf4 33. Re7+ Kg8
34. Nf6+ Kf8 35. Nd7+ Kg8 36. Nf6+ Kf8 37. Qxf4 Bxf4 38. Rde1 Rc8 39. Nh7+ Kg8
40. Nf6+ Kf8 41. Nd7+ Kg8 42. Nf6+ 1/2-1/2

[Event "Grenke Open"]
[Site "?"]
[Date "2017.04.14"]
[Round "3.21"]
[White "Hoefelsauer, Thomas"]
[Black "Papp, Gabor"]
[Result "0-1"]
[WhiteElo "2385"]
[BlackElo "2581"]
[PlyCount "136"]
[EventDate "2017.??.??"]
[WhiteClock "0:06:15"]
[BlackClock "0:14:48"]

1. c4 c5 2. Nc3 Nf6 3. Nf3 Nc6 4. g3 g6 5. Bg2 Bg7 6. d4 cxd4 7. Nxd4 O-O 8.
O-O d6 9. Nxc6 bxc6 10. Bxc6 Rb8 11. Bg2 Qa5 12. Nb5 Bb7 13. Bxb7 Rxb7 14. Bd2
Qa6 15. Bc3 Rc8 16. Na3 d5 17. Qc2 dxc4 18. Rad1 Qe6 19. Rd4 Nd5 20. Re4 Qf5
21. Bxg7 Kxg7 22. Rc1 c3 23. Rc4 Rxc4 24. Nxc4 cxb2 25. Nxb2 Qxc2 26. Rxc2 Nb4
27. Rc4 Nxa2 28. Nd3 a5 29. Ra4 Nc3 30. Rxa5 Nxe2+ 31. Kg2 Nd4 32. Rd5 Nf5 33.
Ra5 Nd6 34. Ra4 h5 35. h3 Rb3 36. Nc5 Rb2 37. Ne4 Nf5 38. Ra7 Re2 39. Ra4 Rc2
40. Ra7 Rc4 41. Kf3 Rb4 42. Rd7 Rb3+ 43. Kg2 f6 44. Nc5 Rc3 45. Ne6+ Kf7 46.
Nf4 Rc4 47. Kf3 h4 48. g4 Nd6 49. Ra7 Rc5 50. Kg2 g5 51. Ne2 Rc4 52. Ra3 Rc2
53. Kf3 Nc4 54. Rc3 Ne5+ 55. Ke3 Ra2 56. f4 gxf4+ 57. Nxf4 Rh2 58. Ke4 Rh1 59.
Ra3 Re1+ 60. Re3 Rg1 61. Ra3 Nc4 62. Rc3 Nd6+ 63. Kd5 Ne8 64. Ke4 e5 65. Ne2
Rg2 66. Ke3 Rh2 67. Kd2 Nd6 68. Rf3 Ne4+ 0-1

[Event "Grenke Open"]
[Site "?"]
[Date "2017.04.14"]
[Round "3.22"]
[White "Wagner, Dennis"]
[Black "Chernov, Vadim"]
[Result "1-0"]
[WhiteElo "2577"]
[BlackElo "2391"]
[PlyCount "127"]
[EventDate "2017.??.??"]
[WhiteClock "0:02:12"]
[BlackClock "0:20:48"]

1. d4 Nf6 2. c4 e6 3. Nc3 Bb4 4. f3 d5 5. a3 Bxc3+ 6. bxc3 c5 7. cxd5 Nxd5 8.
dxc5 Qa5 9. e4 Nc7 10. Qd4 O-O 11. Qb4 Nc6 12. Qxa5 Nxa5 13. Bf4 Na6 14. Rd1 b6
15. cxb6 axb6 16. Bb5 Nc5 17. Bd6 Rd8 18. Bxc5 Rxd1+ 19. Kxd1 bxc5 20. Kc2 Ba6
21. Bxa6 Rxa6 22. Ne2 Nc4 23. Ra1 Rd6 24. Kb3 Ne3 25. c4 Nxg2 26. a4 Rb6+ 27.
Kc3 Kf8 28. a5 Rb8 29. a6 Ke7 30. Nc1 Nf4 31. a7 Ra8 32. Nb3 Kd6 33. Ra6+ Kc7
34. Nxc5 g5 35. Ra2 Kb6 36. Nd7+ Kc7 37. Nc5 Kb6 38. Nd7+ Kc7 39. Ne5 f6 40.
Ng4 f5 41. exf5 exf5 42. Ne3 Kb7 43. Nxf5 Rxa7 44. Nd6+ Ka8 45. Rxa7+ Kxa7 46.
Kd4 Kb6 47. Nf7 Nh3 48. Kd5 Kc7 49. Ke5 Kc6 50. Kf5 Ng1 51. Nxg5 h6 52. f4 Kc5
53. h4 Kxc4 54. h5 Ne2 55. Nf7 Kd5 56. Nxh6 Ng3+ 57. Kg6 Ke6 58. Nf7 Ne2 59.
f5+ Ke7 60. Kg7 Ng3 61. f6+ Ke6 62. Nd8+ Kd7 63. f7 Nxh5+ 64. Kh6 1-0

[Event "Grenke Open"]
[Site "?"]
[Date "2017.04.14"]
[Round "3.23"]
[White "Markowski, Tomasz"]
[Black "Skembris, Spyridon"]
[Result "1/2-1/2"]
[WhiteElo "2574"]
[BlackElo "2389"]
[PlyCount "152"]
[EventDate "2017.??.??"]
[WhiteClock "0:24:28"]
[BlackClock "0:00:35"]

1. d4 Nf6 2. Nf3 d5 3. c4 c6 4. cxd5 cxd5 5. Nc3 Nc6 6. Bf4 g6 7. e3 Bg7 8. Qb3
O-O 9. Be2 Na5 10. Qb4 Bg4 11. O-O Nh5 12. Bg5 Bf6 13. Bh6 Bg7 14. Bxg7 Kxg7
15. Rac1 Nf6 16. Ne5 Bxe2 17. Nxe2 e6 18. Rc2 Qb6 19. Qxb6 axb6 20. Rfc1 b5 21.
Rc5 b4 22. Rb5 Nc6 23. Rxb7 Nxe5 24. dxe5 Ng4 25. Nf4 Rfc8 26. Rxc8 Rxc8 27.
Nxe6+ Kg8 28. Nc7 Nxe5 29. h3 Nd3 30. b3 Kg7 31. g4 g5 32. Kf1 h6 33. Ra7 Kg6
34. Ke2 Nc1+ 35. Kd2 Nxa2 36. Nxd5 Rd8 37. Rxa2 Rxd5+ 38. Ke2 Rd6 39. Ra5 Rb6
40. Rc5 h5 41. Ra5 f6 42. Rc5 Rb8 43. Rc6 h4 44. Rc7 Rb6 45. Kf3 Rb8 46. Re7
Rb6 47. Ke4 Rb8 48. Rd7 Re8+ 49. Kf3 Rb8 50. Ke2 Rb6 51. Rc7 Rb8 52. Rc5 Rb6
53. Kd3 Rd6+ 54. Kc4 Rd1 55. Rf5 Rh1 56. Rf3 f5 57. gxf5+ Kf6 58. Kxb4 Rb1 59.
Kc4 Rc1+ 60. Kb5 Rc8 61. b4 Ke5 62. e4 Kxe4 63. Re3+ Kxf5 64. Ka6 g4 65. b5
Ra8+ 66. Kb7 Ra2 67. hxg4+ Kxg4 68. Re4+ Kg5 69. f3 Rf2 70. Rg4+ Kh5 71. Rf4 h3
72. Rf8 Kh4 73. b6 h2 74. Rh8+ Kg3 75. Kc7 Rxf3 76. b7 Rc3+ 1/2-1/2

[Event "Grenke Open"]
[Site "?"]
[Date "2017.04.14"]
[Round "3.24"]
[White "Vrolijk, Liam"]
[Black "Svetushkin, Dmitry"]
[Result "1-0"]
[WhiteElo "2378"]
[BlackElo "2574"]
[PlyCount "95"]
[EventDate "2017.??.??"]
[WhiteClock "0:20:04"]
[BlackClock "0:41:15"]

1. d4 d5 2. c4 c6 3. Nf3 Nf6 4. e3 Bf5 5. Nc3 e6 6. Nh4 Bg6 7. Be2 Nbd7 8. O-O
Bd6 9. g3 Qe7 10. b3 Ne4 11. Bb2 Nxc3 12. Bxc3 Be4 13. f3 Bg6 14. Qd2 Nf6 15.
Rae1 Rd8 16. Bd1 e5 17. dxe5 Bxe5 18. Bxe5 Qxe5 19. cxd5 Rxd5 20. Nxg6 hxg6 21.
Qf2 c5 22. f4 Qc3 23. Bf3 Rd2 24. Re2 Rxe2 25. Qxe2 O-O 26. Rd1 Re8 27. e4 Nh7
28. Qd3 Qxd3 29. Rxd3 Nf8 30. e5 b6 31. Bd5 g5 32. Kf2 g6 33. Bc4 Kg7 34. Rd6
Re7 35. Kf3 gxf4 36. gxf4 g5 37. fxg5 Rxe5 38. h4 Rf5+ 39. Kg4 Rf2 40. h5 Nh7
41. Rd5 Rg2+ 42. Kf4 Nf8 43. Rf5 Ne6+ 44. Bxe6 fxe6 45. h6+ Kg8 46. Rf6 Re2 47.
g6 Rh2 48. g7 1-0

[Event "Grenke Open"]
[Site "?"]
[Date "2017.04.14"]
[Round "3.27"]
[White "Kunin, Vitaly"]
[Black "Meinhardt, Maximilian"]
[Result "1/2-1/2"]
[WhiteElo "2567"]
[BlackElo "2374"]
[PlyCount "85"]
[EventDate "2017.??.??"]
[WhiteClock "0:30:17"]
[BlackClock "0:27:14"]

1. d4 e6 2. c4 d5 3. Nc3 c5 4. cxd5 exd5 5. Nf3 Nc6 6. Bg5 f6 7. Be3 c4 8. Bd2
Be6 9. b3 Nge7 10. bxc4 dxc4 11. e3 Nc8 12. Be2 Nb6 13. O-O Be7 14. Na4 Nxa4
15. Qxa4 a6 16. Qc2 b5 17. a4 O-O 18. Rfb1 Rb8 19. axb5 axb5 20. Ra6 Qd7 21. e4
Bg4 22. d5 Bxf3 23. dxc6 Qc8 24. Bxc4+ Kh8 25. gxf3 Qxa6 26. c7 Rbc8 27. Bxb5
Qb6 28. Bf4 Bd6 29. Bd7 Qxc7 30. Qxc7 Bxc7 31. Bxc8 Bxf4 32. Be6 Rb8 33. Rd1 g6
34. Rd7 Rb1+ 35. Kg2 Rb2 36. Rf7 Be5 37. h3 Rc2 38. f4 Bd4 39. Bf5 Rxf2+ 40.
Kg3 Rg2+ 41. Kh4 gxf5 42. Rf8+ Rg8 43. Rxg8+ 1/2-1/2

[Event "Grenke Open"]
[Site "?"]
[Date "2017.04.14"]
[Round "3.28"]
[White "Parvanyan, Ashot"]
[Black "Danin, Alexandre"]
[Result "1-0"]
[WhiteElo "2374"]
[BlackElo "2564"]
[PlyCount "109"]
[EventDate "2017.??.??"]
[WhiteClock "0:04:33"]
[BlackClock "0:24:25"]

1. Nf3 d5 2. g3 g6 3. Bg2 Bg7 4. d4 Nf6 5. O-O c6 6. Nbd2 O-O 7. c4 a5 8. b3
Bf5 9. Bb2 b5 10. cxb5 cxb5 11. Rc1 Qb6 12. Ne5 Na6 13. e3 Rac8 14. g4 Rxc1 15.
Bxc1 Be6 16. f4 Nb4 17. f5 Bc8 18. a3 Nc6 19. Nd3 b4 20. Nc5 Bh6 21. Nb1 gxf5
22. gxf5 Kh8 23. a4 Rg8 24. Kh1 Ng4 25. Qe2 Nf6 26. Nd2 Qd8 27. Bh3 Qd6 28. Nf3
Rg7 29. Bb2 Ng4 30. Bxg4 Rxg4 31. Ne5 Rg7 32. Qb5 Nxe5 33. dxe5 Qd8 34. Bd4 Qg8
35. e6 f6 36. Qe2 Rg5 37. Qf3 Qe8 38. Rg1 Qg8 39. Rxg5 Qxg5 40. Qxd5 Qg8 41.
Qg2 Qe8 42. Qh3 Bg5 43. Qg4 Bh6 44. Kg1 Qc6 45. Qh5 Bg7 46. Qf7 h6 47. Qxe7 Qf3
48. Qe8+ Kh7 49. Qg6+ Kh8 50. e7 Qd1+ 51. Kf2 Qd2+ 52. Kg3 Qe1+ 53. Kh3 Qf1+
54. Kh4 Qf2+ 55. Qg3 1-0

[Event "Grenke Open"]
[Site "?"]
[Date "2017.04.14"]
[Round "3.29"]
[White "Stocek, Jiri"]
[Black "Sousa, Andre Ventura"]
[Result "1-0"]
[WhiteElo "2560"]
[BlackElo "2374"]
[PlyCount "99"]
[EventDate "2017.??.??"]
[WhiteClock "0:18:13"]
[BlackClock "0:34:45"]

1. d4 Nf6 2. Bf4 d5 3. e3 e6 4. Nf3 c5 5. c3 Be7 6. Nbd2 Nc6 7. Bd3 b6 8. Qe2
Bb7 9. Rd1 Bd6 10. Bg3 Bxg3 11. hxg3 Qe7 12. dxc5 Qxc5 13. e4 dxe4 14. Nxe4
Nxe4 15. Bxe4 h6 16. g4 Ke7 17. O-O b5 18. Nd4 Nxd4 19. Rxd4 Bxe4 20. Qxe4 Rac8
21. Rfd1 Rc7 22. Rd5 Qc4 23. Qe5 Rhc8 24. R5d4 Qc5 25. Qxg7 Qg5 26. Qh7 Qg6 27.
Qxg6 fxg6 28. f3 Rb8 29. Kf2 a5 30. Rh1 b4 31. Rxh6 bxc3 32. bxc3 Rb2+ 33. Kg3
Kf6 34. Ra4 Rxc3 35. Rxa5 Rcc2 36. g5+ Ke7 37. a3 Rxg2+ 38. Kf4 Rb3 39. Rh7+
Kd6 40. Ra6+ Kd5 41. Rd7+ Kc5 42. Rxe6 Rxa3 43. Rxg6 Rf2 44. Kg4 Raxf3 45. Rg8
Rf4+ 46. Kh5 Rh2+ 47. Kg6 Kc6 48. Rd1 Kc7 49. Rgd8 Rg2 50. R8d2 1-0

[Event "Grenke Open"]
[Site "?"]
[Date "2017.04.14"]
[Round "3.32"]
[White "Miedema, David"]
[Black "Sadzikowski, Daniel"]
[Result "1/2-1/2"]
[WhiteElo "2353"]
[BlackElo "2547"]
[PlyCount "68"]
[EventDate "2017.??.??"]
[WhiteClock "0:21:27"]
[BlackClock "0:05:06"]

1. d4 Nf6 2. c4 e6 3. Nc3 Bb4 4. Qc2 d5 5. cxd5 exd5 6. Bg5 h6 7. Bh4 Nc6 8. e3
g5 9. Bg3 Ne4 10. Bd3 Qe7 11. Nge2 h5 12. Bxe4 Qxe4 13. Qxe4+ dxe4 14. h4 gxh4
15. Rxh4 Bg4 16. Kf1 Be7 17. Rh1 h4 18. Nxe4 O-O-O 19. Bf4 Nb4 20. f3 Be6 21.
b3 Rhg8 22. Nf2 Bd6 23. Rd1 Nd5 24. Rd3 Bf5 25. Ne4 Bxf4 26. exf4 Rde8 27. Rxh4
Bxe4 28. fxe4 Rxe4 29. g3 Rge8 30. Rh2 Ne3+ 31. Ke1 Ng4 32. Rg2 Ne3 33. Rh2 Ng4
34. Rg2 Ne3 1/2-1/2

[Event "Grenke Open"]
[Site "?"]
[Date "2017.04.14"]
[Round "3.35"]
[White "Schneider, Ilja"]
[Black "Loos, Roland"]
[Result "1/2-1/2"]
[WhiteElo "2516"]
[BlackElo "2354"]
[PlyCount "81"]
[EventDate "2017.??.??"]
[WhiteClock "0:00:54"]
[BlackClock "0:07:42"]

1. d4 e6 2. Nf3 f5 3. Bg5 Nf6 4. Nbd2 d5 5. e3 Bd6 6. Bd3 O-O 7. Qe2 Nbd7 8. c4
c6 9. O-O Qe7 10. a3 h6 11. Bf4 Ne4 12. Bxd6 Qxd6 13. Ne1 b6 14. f3 Nxd2 15.
Qxd2 c5 16. cxd5 Qxd5 17. Rc1 Bb7 18. Bc4 Qd6 19. Nd3 Kh7 20. dxc5 Nxc5 21.
Rfd1 Nxd3 22. Qc3 Rac8 23. Rxd3 Qe7 24. Qd2 Rc7 25. Bb3 Rxc1+ 26. Qxc1 Rc8 27.
Rc3 Rxc3 28. Qxc3 Qd6 29. Qd4 Qxd4 30. exd4 Bd5 31. Bxd5 exd5 32. f4 Kg6 33.
Kf2 Kf6 34. Kg3 a5 35. a4 g6 36. Kh4 Kf7 37. h3 Kf6 38. Kg3 Kf7 39. Kf3 Kf6 40.
Kg3 Kf7 41. Kf3 1/2-1/2

[Event "Grenke Open"]
[Site "?"]
[Date "2017.04.14"]
[Round "3.38"]
[White "Kollars, Dmitrij"]
[Black "Schroeder, Kevin"]
[Result "1-0"]
[WhiteElo "2500"]
[BlackElo "2347"]
[PlyCount "125"]
[EventDate "2017.??.??"]
[WhiteClock "0:15:57"]
[BlackClock "0:05:10"]

1. e4 e5 2. Nf3 Nc6 3. Bb5 Nf6 4. O-O Nxe4 5. Re1 Nd6 6. Nxe5 Be7 7. Bf1 Nxe5
8. Rxe5 O-O 9. Nc3 Bf6 10. Re1 Re8 11. Nd5 Bg5 12. d4 Bxc1 13. Rxc1 c6 14. Ne3
Ne4 15. c4 d5 16. cxd5 cxd5 17. f3 Nf6 18. Qb3 Re7 19. Rc3 Be6 20. Rec1 Qd6 21.
Qa3 Qxa3 22. Rxa3 g6 23. Kf2 Kf8 24. g3 a6 25. Rac3 Bd7 26. Bd3 Rae8 27. Re1
Bc6 28. a3 Nh5 29. Bxa6 Ng7 30. Bd3 Ne6 31. Nc2 h5 32. h4 Kg7 33. Bf1 Rc8 34.
Nb4 Rec7 35. Bh3 Bd7 36. Nxd5 Rc4 37. Nb6 Rxc3 38. bxc3 Rxc3 39. Nxd7 Nxd4 40.
Rd1 Nxf3 41. a4 Nxh4 42. Ne5 Rc5 43. gxh4 Rxe5 44. Rd4 b5 45. a5 b4 46. a6 b3
47. Rb4 Ra5 48. Bc8 Ra2+ 49. Ke3 b2 50. Kd3 g5 51. Kc3 g4 52. Rxb2 Ra1 53. Kb4
f5 54. Rf2 Rb1+ 55. Ka5 Rc1 56. Bxf5 g3 57. Rf3 g2 58. Rg3+ Kf6 59. Rxg2 Ra1+
60. Kb6 Kxf5 61. Rg5+ Kf4 62. a7 Rb1+ 63. Ka6 1-0

[Event "Grenke Open"]
[Site "?"]
[Date "2017.04.14"]
[Round "3.40"]
[White "Kunte, Abhijit"]
[Black "Wenninger, Philipp"]
[Result "1-0"]
[WhiteElo "2491"]
[BlackElo "2335"]
[PlyCount "109"]
[EventDate "2017.??.??"]
[WhiteClock "0:40:33"]
[BlackClock "0:15:06"]

1. d4 d5 2. c4 c6 3. Nf3 Nf6 4. Qb3 e6 5. Bg5 Be7 6. e3 O-O 7. Nbd2 Nbd7 8. Bd3
c5 9. O-O cxd4 10. exd4 b6 11. Rac1 dxc4 12. Bxc4 Bb7 13. Rfe1 Re8 14. Bb5 Nd5
15. Ne4 a6 16. Bc6 Bxc6 17. Rxc6 Bxg5 18. Nfxg5 Nf8 19. Nxf7 Kxf7 20. Nd6+ Kg8
21. Nxe8 Qxe8 22. Rexe6 Qf7 23. Qxd5 Re8 24. Rxe8 Qxd5 25. Rcc8 h6 26. Rxf8+
Kh7 27. b3 Qxd4 28. h3 Qa1+ 29. Kh2 Qxa2 30. Rf3 Qb2 31. h4 Qd4 32. g3 Qd5 33.
Rcf8 Kg6 34. b4 a5 35. bxa5 bxa5 36. R8f4 Kh7 37. Ra3 Qc5 38. Ra2 g5 39. hxg5
Qxg5 40. Rfa4 Qc1 41. Rxa5 h5 42. R5a4 h4 43. R4a3 hxg3+ 44. Rxg3 Qf4 45. Re2
Qc4 46. Ree3 Qd4 47. Ref3 Qe5 48. Rf7+ Kh8 49. Ra7 Qf4 50. Ra2 Kh7 51. Re2 Qd6
52. Re4 Qf6 53. Rh4+ Qxh4+ 54. Rh3 Qh6 55. Kg3 1-0

[Event "Grenke Open"]
[Site "?"]
[Date "2017.04.14"]
[Round "3.41"]
[White "Studer, Noel"]
[Black "Gheng, Josef"]
[Result "1-0"]
[WhiteElo "2486"]
[BlackElo "2327"]
[PlyCount "99"]
[EventDate "2017.??.??"]
[WhiteClock "0:31:49"]
[BlackClock "0:27:25"]

1. d4 Nf6 2. c4 c5 3. Nf3 cxd4 4. Nxd4 a6 5. Nc3 e6 6. g3 Qc7 7. Bg2 Qxc4 8.
O-O Nc6 9. Nb3 Bb4 10. Bf4 e5 11. Bd5 Nxd5 12. Nxd5 exf4 13. Nc7+ Kd8 14. Nxa8
Re8 15. a3 Bf8 16. Nb6 Qxe2 17. Qd5 fxg3 18. hxg3 Qe6 19. Rfd1 Qxd5 20. Rxd5
Kc7 21. Nxc8 Kxc8 22. Rc1 Kc7 23. Na5 d6 24. Nc4 Kd7 25. Rd3 Re6 26. Rb3 Nd8
27. Nb6+ Ke8 28. Rc8 Re5 29. f4 Re4 30. Rbc3 h5 31. Rb8 Be7 32. Nd5 h4 33. Rcc8
hxg3 34. Nxe7 Kxe7 35. Rxd8 Rxf4 36. Rg8 Kf6 37. Rxb7 Rf2 38. Rb3 g6 39. Rgb8
Rd2 40. R8b7 Kg5 41. Rxg3+ Kf4 42. Rg2 Rd1+ 43. Kh2 f5 44. Rxg6 d5 45. Rg1 Rd2+
46. Rg2 Rd1 47. Re7 Kf3 48. Ree2 d4 49. Rgf2+ Kg4 50. Rd2 1-0

[Event "Grenke Open"]
[Site "?"]
[Date "2017.04.14"]
[Round "3.43"]
[White "Mesaros, Florian"]
[Black "Zumsande, Martin"]
[Result "1/2-1/2"]
[WhiteElo "2335"]
[BlackElo "2467"]
[PlyCount "106"]
[EventDate "2017.??.??"]
[WhiteClock "0:09:27"]
[BlackClock "0:10:29"]

1. Nf3 d5 2. d4 Nf6 3. c4 e6 4. Nc3 Be7 5. Bf4 O-O 6. e3 c5 7. dxc5 Bxc5 8. Qc2
Nc6 9. a3 Qa5 10. Rd1 Re8 11. Nd2 e5 12. Bg5 Nd4 13. Qb1 Bf5 14. Bd3 Bxd3 15.
Qxd3 Ne4 16. Ncxe4 dxe4 17. Qxe4 Qb6 18. b4 Bf8 19. Nf3 a5 20. c5 Qb5 21. Nxd4
exd4 22. Qd3 Qxd3 23. Rxd3 axb4 24. axb4 h6 25. Bf4 g5 26. Bg3 dxe3 27. fxe3
Ra1+ 28. Rd1 Ra4 29. Kf2 Rxb4 30. Bd6 Rb2+ 31. Kf3 Rb3 32. Rhe1 Bg7 33. Kf2 Re4
34. Kf3 Re6 35. Kf2 Kh7 36. e4 Bc3 37. Re2 Kg6 38. g3 Bb4 39. Kg2 b6 40. Rc1
bxc5 41. Bxc5 Rc6 42. Rec2 Bxc5 43. Rxc5 Rb2+ 44. Kg1 Rxc5 45. Rxc5 Re2 46. Rc4
g4 47. Ra4 h5 48. Ra6+ f6 49. Ra4 Kf7 50. Ra7+ Ke6 51. Rh7 Ke5 52. Rxh5+ Kxe4
53. Ra5 f5 1/2-1/2

[Event "Grenke Open"]
[Site "?"]
[Date "2017.04.14"]
[Round "3.44"]
[White "Rafiee, Makan"]
[Black "Annaberdiev, Meilis"]
[Result "0-1"]
[WhiteElo "2332"]
[BlackElo "2459"]
[PlyCount "92"]
[EventDate "2017.??.??"]
[WhiteClock "0:16:31"]
[BlackClock "0:36:13"]

1. e4 c5 2. Nf3 d6 3. d4 cxd4 4. Nxd4 Nf6 5. Nc3 a6 6. Bg5 Nbd7 7. Qe2 h6 8.
Bh4 g6 9. f4 e5 10. fxe5 dxe5 11. O-O-O Bg7 12. Nf3 Qa5 13. g4 b5 14. Kb1 Bb7
15. Nd5 Nxd5 16. exd5 O-O 17. Be7 Rfe8 18. d6 Qb4 19. a3 Qxg4 20. Bg2 Rac8 21.
h4 Qc4 22. Qxc4 Rxc4 23. Nxe5 Bxg2 24. Nxd7 Bxh1 25. Rxh1 Rd4 26. Rf1 Re4 27.
Nf6+ Bxf6 28. Rxf6 Kg7 29. d7 R4xe7 30. dxe8=Q Rxe8 31. Rxa6 g5 32. hxg5 hxg5
33. a4 bxa4 34. Rxa4 f5 35. Kc1 g4 36. Kd2 g3 37. Ra1 f4 38. Rg1 Kf6 39. b4 Kf5
40. b5 Kg4 41. Re1 Rxe1 42. Kxe1 Kf3 43. Kf1 g2+ 44. Kg1 Kg3 45. b6 f3 46. b7
f2# 0-1